Southville International School and Colleges
Your cart is empty.
  • Cart
  • Lists
    Public lists Eva Luna New books Lux_list list_1
    Your lists Log in to create your own lists
  • Log in to your account
  • Your cookies
  • Search history
Southville International School and Colleges
  • Advanced search
  • Recent comments
  • Most popular
  • Libraries

Log in to your account

Log in with GOOGLE


If you do not have an external account, but do have a local account, you can still log in:

  1. Home
  2. MARC view: Aventures extraordinaires d'un savant russe :
Normal view MARC view ISBD view

Aventures extraordinaires d'un savant russe : (Record no. 254217)

[ view plain ]
MARC details
000 -LEADER
fixed length control field 00885cam a22002893a 4500
001 - CONTROL NUMBER
control field 24962
003 - CONTROL NUMBER IDENTIFIER
control field PGUSA
005 - DATE AND TIME OF LATEST TRANSACTION
control field 20140828083533.0
008 - FIXED-LENGTH DATA ELEMENTS--GENERAL INFORMATION
fixed length control field 080330s2008||||xxu|||||s|||||000 1 eng d
040 ## - CATALOGING SOURCE
Original cataloging agency PGUSA
Language of cataloging eng
042 ## - AUTHENTICATION CODE
Authentication code dc
050 #4 - LIBRARY OF CONGRESS CALL NUMBER
Classification number PQ
100 1# - MAIN ENTRY--PERSONAL NAME
Personal name Le Faure, Georges,
Dates associated with a name 1856-1953
245 10 - TITLE STATEMENT
Title Aventures extraordinaires d'un savant russe :
Remainder of title II. Le Soleil et les petites planètes
Medium [electronic resource] /
Statement of responsibility, etc Georges Le Faure
260 ## - PUBLICATION, DISTRIBUTION, ETC. (IMPRINT)
Name of publisher, distributor, etc Project Gutenberg,
Date of publication, distribution, etc 2008
506 ## - RESTRICTIONS ON ACCESS NOTE
Terms governing access Public domain in the USA.
516 ## - TYPE OF COMPUTER FILE OR DATA NOTE
Type of computer file or data note Electronic text
653 ## - INDEX TERM--UNCONTROLLED
Uncontrolled term Science fiction
653 ## - INDEX TERM--UNCONTROLLED
Uncontrolled term Fantasy fiction
653 ## - INDEX TERM--UNCONTROLLED
Uncontrolled term Interplanetary voyages -- Fiction
700 1# - ADDED ENTRY--PERSONAL NAME
Personal name Cayron, J.
700 1# - ADDED ENTRY--PERSONAL NAME
Personal name Vallet, L.
Fuller form of name (Louis),
Dates associated with a name 1856-1940
700 1# - ADDED ENTRY--PERSONAL NAME
Personal name Henriot,
Dates associated with a name 1857-1933
830 #0 - SERIES ADDED ENTRY--UNIFORM TITLE
Uniform title Project Gutenberg
Volume number/sequential designation 24962
856 40 - ELECTRONIC LOCATION AND ACCESS
Uniform Resource Identifier <a href="http://www.gutenberg.org/ebooks/24962">http://www.gutenberg.org/ebooks/24962</a>
942 ## - ADDED ENTRY ELEMENTS (KOHA)
Koha item type eBooks
Holdings
Withdrawn status Lost status Damaged status Home library Current library Date acquired Total Checkouts Date last seen Price effective from Koha item type
      Project Gutenberg Project Gutenberg 08/28/2014   08/28/2014 08/28/2014 eBooks

Aventures extraordinaires d'un savant russe :

APA

Le Faure G., Cayron J., Vallet L. & Henriot. (2008). Aventures extraordinaires d'un savant russe. : Project Gutenberg.

Chicago

Le Faure Georges, Cayron J, Vallet L and Henriot. 2008. Aventures extraordinaires d'un savant russe. : Project Gutenberg.

Harvard

Le Faure G., Cayron J., Vallet L. and Henriot. (2008). Aventures extraordinaires d'un savant russe. : Project Gutenberg.

MLA

Le Faure Georges, Cayron J, Vallet L and Henriot. Aventures extraordinaires d'un savant russe. : Project Gutenberg. 2008.

  • Place hold
  • Print
  • Cite
  • Add to your cart (remove)
  • Save record
    BIBTEX Dublin Core MARCXML MARC (non-Unicode/MARC-8) MARC (Unicode/UTF-8) MARC (Unicode/UTF-8, Standard) MODS (XML) RIS
  • More searches
    Search for this title in:
    Other Libraries (WorldCat) Other Databases (Google Scholar) Online Stores (Bookfinder.com) Open Library (openlibrary.org)

Exporting to Dublin Core...

SOUTHVILLE LIBRARY

Southville International School and Colleges Library

1281 Tropical Ave. Cor. Luxembourg St., BF Homes International, Las Pinas City

Tel. No. 8256374 / 252358 Loc. 117/146

Powered by Koha